Дело о службе состоявшего при санкт-петербургских театрах, уволенного с получением пенсиона капельмейстера и учителя пения Эдуар...

Доступно только в Электронных читальных залах Найти на картеНа карте
RUSMARC
00003807nmc2a22000003x 450
001e2659986-675d-4b6b-94bf-b52dff1bfae9
00520181221221833.0
100##$a20170627l18451885k l0rusy0189 ca
1010#$arus
102##$aRU
2001#$aДело о службе состоявшего при санкт-петербургских театрах, уволенного с получением пенсиона капельмейстера и учителя пения Эдуарда Бауер, по театру Бавери
$j17 апреля 1845 г. - 27 июня 1885 г.
251##$cДело
300##$aПо Санкт-Петербургской дирекции за 1845 год
300##$aДело
801#0$aRU
$bРГИА
$c20170627
$gRCR
801#1$aRU
$bГлавНИВЦ
$c20170627
$2rusmarc
801#2$aRU
$bПБ им. Б.Н. Ельцина
$c20181221
$gRCR
$2rusmarc
850##$aРГИА
852##$aРГИА
$eФедеральное казенное учреждение "Российский государственный исторический архив" (РГИА)
$j10187
937##$hРГИА
$d12245188
$aASBIBLIO_SCAN
462#0$1001dd3991dc-24e1-42ec-8838-ca4255420416
$12001
$a1746-1850 гг.
$1251
$cОпись
$1852
$j1
461#0$10019264ebf8-de62-4f1a-9eb4-9f22098dbbd5
$12001
$aДирекция императорских театров МИДв
$1251
$cФонд
$1852
$j497
215##$a69 л.
$d36,5х26 см
371##$aДокумент не является опубликованным и широко распространяемым
105##$ay###
1222#$ad
035##$ae2659986-675d-4b6b-94bf-b52dff1bfae9
856##$uhttp://readingroom.main.prlib.ru/item.aspx?id_node=n122201635&mode=full
Формат отображения